[Event "zonal 1.2a (w)"]
[Site "Ptuj SLO"]
[Date "1995.04.05"]
[Round "1"]
[White "Borek, Jutta"]
[Black "Lematschko, Tatjana"]
[Result "0-1"]
[WhiteElo "2110"]
[BlackElo "2315"]
[EventDate "1995.04.05"]
[PlyCount "130"]

1.c4 e5 2.g3 g6 3.Bg2 Bg7 4.Nc3 Nc6 5.Rb1 Nf6 6.e3 O-O 7.Nge2 d6 8.O-O Bf5
9.e4 Be6 10.d3 Qd7 11.Nd5 Ne8 12.f4 f5 13.b4 Nd4 14.Nxd4 exd4 15.b5 Rc8 
16.exf5 Bxf5 17.Re1 Rb8 18.Bb2 Kh8 19.Nb4 a6 20.a4 axb5 21.axb5 h5 22.Qd2 
Bf6 23.Nc2 c5 24.bxc6 bxc6 25.Bxd4 Bxd4+ 26.Nxd4 Rxb1 27.Rxb1 Qa7 28.Qe3 
Bd7 29.Re1 Qc7 30.f5 Bxf5 31.Nxf5 gxf5 32.Qh6+ Kg8 33.Qg5+ Ng7 34.Re7 Qb6+
35.Kf1 Qb1+ 36.Ke2 Qb2+ 37.Qd2 Qf6 38.Rc7 Re8+ 39.Kd1 Qa1+ 40.Kc2 Rb8 41.
Rxg7+ Qxg7 42.Qc3 Qxc3+ 43.Kxc3 c5 44.Bf3 h4 45.gxh4 Kg7 46.d4 Rh8 47.h5 
Re8 48.dxc5 dxc5 49.Kd2 Kh6 50.Be2 Kg5 51.Ke1 Re3 52.Kf2 Rh3 53.Kg2 Rc3 
54.Kf2 f4 55.Kg2 Kf5 56.h4 Rg3+ 57.Kh2 Re3 58.Bf1 Rc3 59.Bh3+ Kf6 60.Bf1 
Rg3 61.Bg2 Kg7 62.Bd5 Kh6 63.Bf7 Rg4 64.Kh3 f3 65.Bd5 f2 0-1

[Event "zonal 1.2a (w)"]
[Site "Ptuj SLO"]
[Date "1995.04.05"]
[Round "1"]
[White "Goschl, Ortrun"]
[Black "Kachiani-Gersinska, Ketino"]
[Result "1/2-1/2"]
[WhiteElo "2000"]
[BlackElo "2380"]
[EventDate "1995.04.05"]
[PlyCount "70"]

1.e4 e5 2.Nf3 Nc6 3.Nc3 Nf6 4.d4 exd4 5.Nd5 d6 6.Nxd4 Be7 7.Bb5 Bd7 8.O-O 
Nxd4 9.Bxd7+ Qxd7 10.Qxd4 Nxd5 11.exd5 O-O 12.Qd3 Bf6 13.Bd2 Rfe8 14.Rae1 
a6 15.b3 h6 16.c4 a5 17.Rxe8+ Qxe8 18.Re1 Qd7 19.Re4 b6 20.a4 Kf8 21.h3 
Re8 22.Qe2 Re5 23.Bf4 Re7 24.Rxe7 Qxe7 25.Qxe7+ Kxe7 26.g4 Bd4 27.Kf1 f5 
28.f3 Kf6 29.Ke2 g5 30.Bd2 Be5 31.Kd3 Ba1 32.Bc1 Kg6 33.Be3 Be5 34.Bd2 Bb2
35.Be3 Ba1 1/2-1/2

[Event "zonal 1.2a (w)"]
[Site "Ptuj SLO"]
[Date "1995.04.05"]
[Round "1"]
[White "Grosar, Kiti"]
[Black "Trabert, Bettina"]
[Result "1/2-1/2"]
[WhiteElo "2215"]
[BlackElo "2210"]
[EventDate "1995.04.05"]
[PlyCount "86"]

1.e4 e5 2.Nf3 Nc6 3.d4 exd4 4.Nxd4 Nf6 5.Nxc6 bxc6 6.e5 Qe7 7.Qe2 Nd5 8.c4
Ba6 9.b3 g6 10.Ba3 Qh4 11.Bb2 Bb4+ 12.Kd1 Nf4 13.Qf3 Ne6 14.g3 Qe7 15.Nd2 
O-O-O 16.a3 Bxd2 17.Kxd2 d6 18.Kc2 dxe5 19.Bxe5 Rhe8 20.Bf6 Nd4+ 21.Bxd4 
Rxd4 22.Bh3+ f5 23.Rhe1 Qd7 24.Qc3 c5 25.Bg2 Bb7 26.Bxb7+ Kxb7 27.Rxe8 
Qxe8 28.Re1 Qd7 29.Re5 Qd6 30.Qf3+ c6 31.Qe3 Rd2+ 32.Qxd2 Qxe5 33.Qe3 Qd6 
34.Qd3 Qe5 35.b4 Kc7 36.Kb3 cxb4 37.axb4 c5 38.b5 Qe1 39.f4 Qb4+ 40.Kc2 
Qa4+ 41.Qb3 Qxb3+ 42.Kxb3 Kb6 43.Ka4 h6 1/2-1/2

[Event "zonal 1.2a (w)"]
[Site "Ptuj SLO"]
[Date "1995.04.05"]
[Round "1"]
[White "Heinatz, Gundula"]
[Black "Ramseier, Jana"]
[Result "1/2-1/2"]
[WhiteElo "2220"]
[BlackElo "2125"]
[EventDate "1995.04.05"]
[PlyCount "45"]

1.d4 Nf6 2.c4 g6 3.Nc3 Bg7 4.e4 d6 5.Be2 O-O 6.Nf3 e5 7.Be3 Nc6 8.d5 Ne7 
9.Nd2 Nd7 10.b4 f5 11.f3 f4 12.Bf2 Nf6 13.c5 Bd7 14.Nc4 Ne8 15.a4 g5 16.
cxd6 cxd6 17.Nb5 Bxb5 18.axb5 b6 19.Ra2 Nc8 20.Qb3 Rb8 21.Kd2 Rf7 22.Rc1 
Rc7 23.Rac2 1/2-1/2

[Event "zonal 1.2a (w)"]
[Site "Ptuj SLO"]
[Date "1995.04.05"]
[Round "1"]
[White "Koglin, Anke"]
[Black "Licina, Anita"]
[Result "1-0"]
[WhiteElo "2225"]
[BlackElo "2225"]
[EventDate "1995.04.05"]
[PlyCount "75"]

1.e4 c5 2.Nf3 Nc6 3.d4 cxd4 4.Nxd4 Nf6 5.Nc3 d6 6.Bg5 e6 7.Qd2 Be7 8.O-O-O
O-O 9.f4 h6 10.Bh4 e5 11.Nf5 Bxf5 12.exf5 exf4 13.Kb1 d5 14.Bxf6 Bxf6 15.
Nxd5 Be5 16.c3 Qd6 17.Qc2 Rad8 18.Bc4 Qc5 19.Bb3 Rfe8 20.f6 Rd6 21.fxg7 
Ne7 22.Nxe7+ Rxe7 23.Rxd6 Qxd6 24.Rd1 Qf6 25.Qd3 Kxg7 26.Bc2 Rc7 27.Qh7+ 
Kf8 28.Rd5 Rc8 29.a3 b6 30.Qe4 Re8 31.Qc4 Qe6 32.Qd3 Re7 33.Ka1 Re8 34.Ba4
Rb8 35.Bb3 Qf6 36.Rd7 Kg8 37.Rxf7 Qxf7 38.Qg6+ 1-0

[Event "zonal 1.2a (w)"]
[Site "Ptuj SLO"]
[Date "1995.04.05"]
[Round "1"]
[White "Olbrich, Marina"]
[Black "Krmelj, Natasa"]
[Result "0-1"]
[WhiteElo "2280"]
[BlackElo "2045"]
[EventDate "1995.04.05"]
[PlyCount "72"]

1.d4 Nf6 2.Nf3 c5 3.c3 d5 4.Bg5 Qb6 5.Qb3 Nc6 6.e3 Bf5 7.Na3 c4 8.Qxb6 
axb6 9.Nh4 Bd7 10.Bxf6 exf6 11.Nc2 g5 12.Nf3 Bf5 13.Kd2 Bd6 14.Be2 Ke7 15.
Rhe1 b5 16.b3 Kd7 17.bxc4 bxc4 18.Reb1 Kc7 19.Rb5 Ra5 20.Rab1 Rxb5 21.Rxb5
Be4 22.Nfe1 Ne7 23.h3 Ra8 24.Rb2 Ra4 25.Bh5 Bg6 26.Bxg6 fxg6 27.f3 f5 28.
Ke2 Ra8 29.Kf2 Nc6 30.Rb5 Rxa2 31.Rxd5 Ne7 32.Rb5 Kc6 33.Rb1 Nd5 34.Kf1 
Nxc3 35.Rc1 b5 36.g3 b4 0-1

[Event "zonal 1.2a (w)"]
[Site "Ptuj SLO"]
[Date "1995.04.06"]
[Round "2"]
[White "Krmelj, Natasa"]
[Black "Goschl, Ortrun"]
[Result "1-0"]
[WhiteElo "2045"]
[BlackElo "2000"]
[EventDate "1995.04.05"]
[PlyCount "71"]

1.d4 Nf6 2.c4 e5 3.dxe5 Ng4 4.e3 Nxe5 5.Nh3 Bb4+ 6.Bd2 Bxd2+ 7.Qxd2 O-O 8.
Be2 d6 9.Nf4 Nbd7 10.O-O Nf6 11.Nc3 b6 12.Nfd5 Bb7 13.f4 Ned7 14.Rf3 Nxd5 
15.Nxd5 Nf6 16.Qd4 Nxd5 17.cxd5 Qe7 18.e4 f6 19.Rc1 Rf7 20.Rfc3 Re8 21.Bf3
Qd8 22.Qa4 Ree7 23.Qxa7 c5 24.dxc6 Bxc6 25.Qa6 Ra7 26.Qd3 Bb7 27.e5 Ba6 
28.Qd1 Rfc7 29.Rxc7 Rxc7 30.Rxc7 Qxc7 31.Qd5+ Kh8 32.exd6 Qc1+ 33.Kf2 
Qxb2+ 34.Kg3 Qc3 35.d7 Qe1+ 36.Kh3 1-0

[Event "zonal 1.2a (w)"]
[Site "Ptuj SLO"]
[Date "1995.04.06"]
[Round "2"]
[White "Lematschko, Tatjana"]
[Black "Grosar, Kiti"]
[Result "1-0"]
[WhiteElo "2315"]
[BlackElo "2215"]
[EventDate "1995.04.05"]
[PlyCount "141"]

1.d4 Nf6 2.Nf3 g6 3.g3 Bg7 4.Bg2 O-O 5.O-O d6 6.c4 Nc6 7.d5 Na5 8.Nfd2 c5 
9.Nc3 a6 10.a3 Qc7 11.Re1 Ng4 12.e3 Rb8 13.a4 e5 14.dxe6 Bxe6 15.Nd5 Bxd5 
16.Bxd5 Nf6 17.Bg2 b5 18.axb5 axb5 19.cxb5 Rxb5 20.Qa4 Rfb8 21.Bf1 c4 22.
Bxc4 Nxc4 23.Qxc4 Rc5 24.Qa4 Nd5 25.Rd1 Nb6 26.Qg4 Nc4 27.Nxc4 Rxc4 28.Qe2
h5 29.Qd3 Rb6 30.Rb1 h4 31.Bd2 Rxb2 32.Rxb2 Bxb2 33.Ba5 Qc5 34.Qxd6 Qxa5 
35.Qb8+ Kh7 36.Qxb2 h3 37.Qe2 Ra4 38.e4 Ra1 39.Rxa1 Qxa1+ 40.Qf1 Qd4 41.
Qxh3+ Kg7 42.Qh4 f6 43.Qf4 Qc5 44.h4 Qc4 45.g4 Qc5 46.g5 fxg5 47.hxg5 Qc2 
48.Kg2 Qc8 49.Kg3 Qc3+ 50.Kh2 Qe1 51.e5 Qe2 52.Kg2 Kg8 53.Kg3 Qe1 54.Qc4+ 
Kf8 55.Qc8+ Ke7 56.Qc7+ Ke8 57.Qc6+ Kd8 58.Qd5+ Ke8 59.Kg2 Qe2 60.Qc6+ Kd8
61.Qd6+ Kc8 62.Kg3 Qe1 63.Qxg6 Qg1+ 64.Kf3 Qd1+ 65.Kf4 Qd4+ 66.Qe4 Qxf2+ 
67.Kg4 Qg1+ 68.Kf5 Qf1+ 69.Kg6 Kd8 70.Qd5+ Kc8 71.Qg8+ 1-0

[Event "zonal 1.2a (w)"]
[Site "Ptuj SLO"]
[Date "1995.04.06"]
[Round "2"]
[White "Licina, Anita"]
[Black "Kachiani-Gersinska, Ketino"]
[Result "1/2-1/2"]
[WhiteElo "2225"]
[BlackElo "2380"]
[EventDate "1995.04.05"]
[PlyCount "129"]

1.e4 g6 2.d4 Bg7 3.Nc3 c6 4.Nf3 Nf6 5.Bd3 O-O 6.O-O Na6 7.a3 Nc7 8.Re1 d6 
9.h3 Nd7 10.Bg5 b5 11.e5 dxe5 12.dxe5 Ne6 13.Bh4 Re8 14.Na2 Ndc5 15.Bf1 
Qxd1 16.Raxd1 Bh6 17.c4 bxc4 18.Bxc4 a5 19.b4 Na4 20.Rb1 Nb6 21.Bb3 a4 22.
Bd1 Nc4 23.Nc3 Nxa3 24.Ra1 Nb5 25.Rxa4 Rxa4 26.Nxa4 Ned4 27.Nxd4 Nxd4 28.
Re4 Nf5 29.Nc5 Be6 30.Nxe6 fxe6 31.Ba4 Rc8 32.Rc4 Bg7 33.Bg5 Bxe5 34.Bxc6 
Nd6 35.Rc1 Bf6 36.Be3 Rb8 37.b5 Nf5 38.Ba7 Rd8 39.Rb1 Bd4 40.Bxd4 Nxd4 41.
Bb7 Rb8 42.Ba6 Rb6 43.Kf1 e5 44.Ke1 Kf7 45.Kd2 Ne6 46.Kc3 Ke8 47.Kb4 Kd7 
48.Ka5 Rb8 49.b6 Kc6 50.b7 Nc5 51.Rb6+ Kc7 52.Kb5 Nxb7 53.Bxb7 Rxb7 54.
Rxb7+ Kxb7 55.Kc5 Kc7 56.Kd5 Kd7 57.Kxe5 Ke8 58.Ke6 Kf8 59.g4 Ke8 60.f4 
Kf8 61.h4 Ke8 62.f5 Kf8 63.f6 exf6 64.Kxf6 Kg8 65.Ke7 1/2-1/2

[Event "zonal 1.2a (w)"]
[Site "Ptuj SLO"]
[Date "1995.04.06"]
[Round "2"]
[White "Koglin, Anke"]
[Black "Heinatz, Gundula"]
[Result "1/2-1/2"]
[WhiteElo "2225"]
[BlackElo "2220"]
[EventDate "1995.04.05"]
[PlyCount "193"]

1.e4 c5 2.Nf3 Nc6 3.d4 cxd4 4.Nxd4 g6 5.Nc3 Bg7 6.Nb3 Nf6 7.Be2 O-O 8.O-O 
d6 9.f4 e5 10.Kh1 Re8 11.f5 Nd4 12.fxg6 hxg6 13.Bg5 Ne6 14.Bxf6 Bxf6 15.
Bc4 Nf4 16.Qf3 Be6 17.Bxe6 Rxe6 18.Rad1 Rc8 19.Rd2 Kg7 20.g3 Nh3 21.Qg4 
Qh8 22.Kg2 Ng5 23.Rxf6 Kxf6 24.Rf2+ Kg7 25.Qxg5 f6 26.Qg4 Re7 27.Nd5 Rf7 
28.c3 Rc6 29.Nd2 Qc8 30.Qh4 Qe6 31.Nf1 f5 32.Nfe3 fxe4 33.Rxf7+ Qxf7 34.
Qxe4 Rc8 35.Qf3 Qe6 36.Qg4 Kf7 37.Qh4 Kg7 38.Qb4 b6 39.Qg4 Qxg4 40.Nxg4 
Kf7 41.Kf3 Ke6 42.Nge3 Rf8+ 43.Ke2 g5 44.c4 Rh8 45.Nf1 Rc8 46.Nde3 a6 47.
Kd3 b5 48.b3 bxc4+ 49.bxc4 Rb8 50.Kc3 Rf8 51.Kb4 a5+ 52.Ka4 e4 53.Kb3 Rf2 
54.a3 Re2 55.Kc3 Rf2 56.h3 Rf8 57.Kd4 Rh8 58.Nd2 Rxh3 59.Nxe4 Rh2 60.Nxg5+
Kd7 61.Kd3 Rh1 62.Ne4 Ke6 63.Nc3 Rg1 64.Ne2 Ra1 65.Nc2 Rh1 66.Ke4 Rh2 67.
Ncd4+ Kd7 68.g4 Rh3 69.Nb5 Rh8 70.Ned4 Rc8 71.g5 Rxc4 72.Kf5 Rc1 73.Kf6 
Rf1+ 74.Kg7 Ke7 75.Kg6 d5 76.Nc6+ Kd7 77.Nxa5 Rb1 78.a4 Rb4 79.Nb7 Kc6 80.
Nd8+ Kd7 81.Nf7 Rxa4 82.Kf5 Ra1 83.Ne5+ Ke7 84.Nd4 Rg1 85.g6 Rxg6 86.Kxg6 
Kd6 87.Kf5 Kc5 88.Nef3 Kd6 89.Nb5+ Kc5 90.Nfd4 Kc4 91.Kf4 Kd3 92.Kf3 Kc4 
93.Ke3 Kc5 94.Kd3 Kb6 95.Kc3 Kb7 96.Kb4 Kc8 97.Kc5 1/2-1/2

[Event "zonal 1.2a (w)"]
[Site "Ptuj SLO"]
[Date "1995.04.06"]
[Round "2"]
[White "Ramseier, Jana"]
[Black "Borek, Jutta"]
[Result "1-0"]
[WhiteElo "2125"]
[BlackElo "2110"]
[EventDate "1995.04.05"]
[PlyCount "93"]

1.d4 Nf6 2.c4 e6 3.Nc3 Bb4 4.e3 c5 5.Bd3 Nc6 6.Ne2 d6 7.O-O O-O 8.a3 Bxc3 
9.bxc3 e5 10.Ng3 Ne7 11.Qc2 g6 12.e4 Kg7 13.h3 Nd7 14.Be3 f6 15.Qd2 Rf7 
16.f4 cxd4 17.cxd4 exd4 18.Bxd4 Nc6 19.Be3 Nc5 20.Bc2 Be6 21.Rfd1 Nd7 22.
Qxd6 Bxc4 23.Ba4 Rc8 24.Rac1 b5 25.Rxc4 bxc4 26.Bxc6 Qc7 27.Bxd7 Qxd6 28.
Rxd6 Rd8 29.Bd4 Rdxd7 30.Bxf6+ Kf8 31.Rc6 Rc7 32.Rxc7 Rxc7 33.Ne2 Kf7 34.
Be5 Rb7 35.Nc3 Rb3 36.a4 a6 37.Kf2 Ke6 38.g4 Rb4 39.Bd4 Rb2+ 40.Ke3 Rh2 
41.f5+ gxf5 42.gxf5+ Kf7 43.e5 Rxh3+ 44.Ke4 Rh4+ 45.Kd5 Rh5 46.e6+ Ke8 47.
Ke5 1-0

[Event "zonal 1.2a (w)"]
[Site "Ptuj SLO"]
[Date "1995.04.06"]
[Round "2"]
[White "Trabert, Bettina"]
[Black "Olbrich, Marina"]
[Result "0-1"]
[WhiteElo "2210"]
[BlackElo "2280"]
[EventDate "1995.04.05"]
[PlyCount "96"]

1.e4 d5 2.exd5 Qxd5 3.Nc3 Qa5 4.d4 Nf6 5.Nf3 c6 6.Bc4 Bf5 7.Bd2 e6 8.Qe2 
Bb4 9.Ne5 Nbd7 10.Nxd7 Nxd7 11.a3 O-O-O 12.O-O-O Bxc3 13.Bxc3 Qc7 14.Qf3 
Nf6 15.Qg3 Qxg3 16.hxg3 Ne4 17.Be1 Rd7 18.f3 Nd6 19.Bb3 Bg6 20.g4 Nb5 21.
c3 Nc7 22.Bg3 Nd5 23.Rde1 b5 24.Re5 a5 25.f4 Bd3 26.f5 exf5 27.gxf5 f6 28.
Re6 Kb7 29.Bc2 Bxc2 30.Kxc2 Re7 31.Rxe7+ Nxe7 32.Rf1 Rd8 33.Kd3 Rd5 34.Ke4
Rd7 35.Bf4 Nd5 36.Bd2 Nb6 37.g4 Nc4 38.Bc1 Re7+ 39.Kd3 a4 40.Rh1 h6 41.Rg1
Kc8 42.Rf1 Kd7 43.Rg1 Kd6 44.Bf4+ Kd5 45.Bc1 Re4 46.Rg2 Re1 47.Bf4 Rf1 48.
Bd2 Nxb2+ 0-1

[Event "zonal 1.2a (w)"]
[Site "Ptuj SLO"]
[Date "1995.04.07"]
[Round "3"]
[White "Goschl, Ortrun"]
[Black "Trabert, Bettina"]
[Result "1-0"]
[WhiteElo "2000"]
[BlackElo "2210"]
[EventDate "1995.04.05"]
[PlyCount "111"]

1.e4 e5 2.Nf3 Nc6 3.Nc3 Nf6 4.d4 exd4 5.Nd5 Be7 6.Nxd4 d6 7.Bb5 Bd7 8.O-O 
Nxd5 9.exd5 Nxd4 10.Bxd7+ Qxd7 11.Qxd4 O-O 12.Qd3 Bf6 13.Rb1 Rfe8 14.b3 
Qg4 15.Be3 a6 16.c4 Re7 17.h3 Qh4 18.Rbe1 Rae8 19.Bd2 Bd4 20.Rxe7 Rxe7 21.
Qf3 h6 22.Re1 Rxe1+ 23.Bxe1 Qe7 24.Kf1 Qe5 25.Qe2 Qf5 26.g4 Qf6 27.Qe8+ 
Kh7 28.Qe2 g6 29.Kg2 Kg7 30.Bd2 Bc5 31.Qf3 g5 32.Qxf6+ Kxf6 33.Bc3+ Kg6 
34.f3 f5 35.Kf1 Be3 36.Ke2 Bf4 37.Kd3 Bg3 38.a4 Bf4 39.b4 Bg3 40.b5 axb5 
41.cxb5 Bf2 42.a5 Ba7 43.a6 b6 44.Ke3 Bb8 45.f4 Ba7 46.Kf3 Bb8 47.Be1 Ba7 
48.h4 fxg4+ 49.Kxg4 h5+ 50.Kf3 g4+ 51.Ke4 Bb8 52.f5+ Kf6 53.Bc3+ Kf7 54.
Kf4 Ba7 55.Bd4 Bb8 56.Kg5 1-0

[Event "zonal 1.2a (w)"]
[Site "Ptuj SLO"]
[Date "1995.04.07"]
[Round "3"]
[White "Grosar, Kiti"]
[Black "Ramseier, Jana"]
[Result "1-0"]
[WhiteElo "2215"]
[BlackElo "2125"]
[EventDate "1995.04.05"]
[PlyCount "51"]

1.e4 g6 2.d4 Bg7 3.c3 d6 4.Bc4 e6 5.Nd2 Ne7 6.Ngf3 d5 7.Bd3 Nd7 8.e5 c5 9.
O-O Nf5 10.Re1 Qb6 11.Nf1 cxd4 12.Bxf5 gxf5 13.cxd4 Nf8 14.Ng3 Rg8 15.Nh5 
Bh8 16.Re3 Bd7 17.Rc3 Bc6 18.Bg5 Nd7 19.Qd2 Rg6 20.Rb3 Qc7 21.Nh4 Rg8 22.
Rg3 Qb6 23.h3 a5 24.Bd8 Qxd8 25.Rxg8+ Nf8 26.Qh6 1-0

[Event "zonal 1.2a (w)"]
[Site "Ptuj SLO"]
[Date "1995.04.07"]
[Round "3"]
[White "Heinatz, Gundula"]
[Black "Licina, Anita"]
[Result "1-0"]
[WhiteElo "2220"]
[BlackElo "2225"]
[EventDate "1995.04.05"]
[PlyCount "99"]

1.Nf3 Nf6 2.c4 c5 3.Nc3 d5 4.cxd5 Nxd5 5.e4 Nb4 6.d3 N8c6 7.a3 Na6 8.Be3 
Bg4 9.h3 Bxf3 10.gxf3 e5 11.f4 exf4 12.Bxf4 Bd6 13.Be3 Nc7 14.Bg2 O-O 15.
O-O Be7 16.f4 Qd7 17.Qd2 Nd4 18.Rad1 Rab8 19.Qf2 b6 20.f5 Bf6 21.Qg3 Qe7 
22.Bf4 Rbc8 23.Bd6 Qd7 24.e5 Bd8 25.Bxf8 Kxf8 26.Be4 Kg8 27.Rde1 b5 28.e6 
fxe6 29.f6 Qf7 30.fxg7 Qxg7 31.Qxg7+ Kxg7 32.Re3 Bh4 33.Rf4 Bf6 34.Rg3+ 
Kf7 35.Rg2 h6 36.Bg6+ Ke7 37.Be4 Rf8 38.Rgf2 b4 39.axb4 cxb4 40.Nd1 a5 41.
Kf1 h5 42.Rg2 e5 43.Rff2 Nce6 44.Ne3 Nf4 45.Nd5+ Nxd5 46.Bxd5 Rd8 47.Bc4 
Bh4 48.Rf7+ Kd6 49.Rg6+ Kc5 50.Rc7+ 1-0

[Event "zonal 1.2a (w)"]
[Site "Ptuj SLO"]
[Date "1995.04.07"]
[Round "3"]
[White "Olbrich, Marina"]
[Black "Lematschko, Tatjana"]
[Result "1/2-1/2"]
[WhiteElo "2280"]
[BlackElo "2315"]
[EventDate "1995.04.05"]
[PlyCount "168"]

1.d4 Nf6 2.Nf3 g6 3.c4 Bg7 4.Nc3 O-O 5.Bf4 Nh5 6.Bg5 h6 7.Bh4 d6 8.e3 c6 
9.h3 Nf6 10.g4 Nh7 11.Bg3 Nd7 12.Qc2 e5 13.O-O-O Qe7 14.Nh4 Bf6 15.Nf3 Bg7
16.Nh4 Re8 17.Bg2 Nb6 18.Qb3 Be6 19.d5 cxd5 20.Nxd5 Bxd5 21.Bxd5 Nf6 22.
Kb1 Kh7 23.Nf3 Nbxd5 24.cxd5 Ne4 25.Bh4 Qd7 26.Qc2 Nc5 27.e4 a5 28.Rhe1 
Bf8 29.Nd2 Rec8 30.Nc4 Ra6 31.Rc1 b5 32.Ne3 Raa8 33.f3 Be7 34.Bxe7 Qxe7 
35.Qe2 Rcb8 36.Rc2 Qh4 37.Rh1 Rb7 38.Ng2 Qe7 39.h4 b4 40.h5 g5 41.Rc4 Qd7 
42.Ne3 Qb5 43.Nf5 Ra6 44.Rhc1 Na4 45.Qf1 Nc3+ 46.Ka1 Rab6 47.Rc6 Qa4 48.
Qc4 Nb5 49.Rxb6 Rxb6 50.Qc2 b3 51.Qxb3 Qxb3 52.axb3 Nd4 53.Rc7 Nxf5 54.
gxf5 Kg7 55.Ka2 g4 56.fxg4 Rb4 57.Rc4 Kf6 58.Ka3 Rb7 59.b4 axb4+ 60.Rxb4 
Rd7 61.Rb8 Kg5 62.Rg8+ Kf4 63.f6 Ra7+ 64.Kb4 Ra1 65.Kb5 Kxe4 66.Kc6 Ra6+ 
67.Kb5 Ra1 68.Kc6 Ra6+ 69.Kc7 Kxd5 70.g5 Rc6+ 71.Kb7 hxg5 72.h6 Rc2 73.h7 
Rxb2+ 74.Kc7 Rh2 75.h8=Q Rxh8 76.Rxh8 Ke6 77.Re8+ Kxf6 78.Kxd6 Kf5 79.
Rxe5+ Kf4 80.Ra5 g4 81.Ra4+ Kf3 82.Ke5 g3 83.Rf4+ Ke3 84.Rxf7 g2 1/2-1/2

[Event "zonal 1.2a (w)"]
[Site "Ptuj SLO"]
[Date "1995.04.08"]
[Round "4"]
[White "Heinatz, Gundula"]
[Black "Borek, Jutta"]
[Result "0-1"]
[WhiteElo "2220"]
[BlackElo "2110"]
[EventDate "1995.04.05"]
[PlyCount "100"]

1.Nf3 Nf6 2.d4 e6 3.g3 c5 4.Bg2 d5 5.O-O Nc6 6.c4 dxc4 7.Ne5 Nxe5 8.dxe5 
Qxd1 9.Rxd1 Nd5 10.Na3 c3 11.e4 cxb2 12.Bxb2 Nc7 13.Nc4 Nb5 14.a4 Nd4 15.
Bxd4 cxd4 16.Rxd4 Bc5 17.Nd6+ Ke7 18.Rd2 f6 19.Rc1 Bb6 20.exf6+ gxf6 21.
Nc4 Rd8 22.Rxd8 Bxd8 23.e5 Rb8 24.exf6+ Kxf6 25.Rd1 Ke7 26.Be4 h6 27.Ne5 
Bc7 28.Ng6+ Kf6 29.f4 b5 30.a5 Bxa5 31.Ne5 Bc7 32.Nc6 Bb6+ 33.Kg2 Rb7 34.
Ne5 Rc7 35.g4 b4 36.h4 Bb7 37.g5+ Kg7 38.Kf3 b3 39.Bxb7 Rxb7 40.Rb1 Bd4 
41.Nc4 Rb4 42.Na5 b2 43.Nc6 Rb3+ 44.Ke4 Bc5 45.f5 exf5+ 46.Kxf5 Ba3 47.Nd4
Rc3 48.Ne6+ Kg8 49.Rd1 Rc1 50.Rd8+ Kf7 0-1

[Event "zonal 1.2a (w)"]
[Site "Ptuj SLO"]
[Date "1995.04.08"]
[Round "4"]
[White "Lematschko, Tatjana"]
[Black "Goschl, Ortrun"]
[Result "1-0"]
[WhiteElo "2315"]
[BlackElo "2000"]
[EventDate "1995.04.05"]
[PlyCount "55"]

1.d4 Nf6 2.Nf3 d6 3.c4 g6 4.Nc3 Bg7 5.e4 Nbd7 6.Be2 O-O 7.O-O e5 8.Rb1 Ne8
9.dxe5 Nxe5 10.Nxe5 Bxe5 11.Be3 f5 12.f4 Bf6 13.c5 fxe4 14.Nxe4 Qe7 15.Bf3
Bg7 16.Re1 Qd7 17.Ng5 c6 18.cxd6 Nxd6 19.Qb3+ Nf7 20.Rbd1 Qf5 21.Be4 Qa5 
22.Bd3 Bg4 23.Nxf7 Rxf7 24.Bc4 Qc7 25.Rd2 Bf6 26.Bd4 Rd8 27.Bxf6 Rxd2 28.
Re8# 1-0

[Event "zonal 1.2a (w)"]
[Site "Ptuj SLO"]
[Date "1995.04.08"]
[Round "4"]
[White "Licina, Anita"]
[Black "Krmelj, Natasa"]
[Result "1-0"]
[WhiteElo "2225"]
[BlackElo "2045"]
[EventDate "1995.04.05"]
[PlyCount "113"]

1.e4 c5 2.Ne2 e5 3.Nbc3 Nf6 4.d3 d6 5.g3 g6 6.Bg2 Bg7 7.O-O O-O 8.f4 Nc6 
9.Kh1 Nd4 10.Nxd4 cxd4 11.Ne2 Qb6 12.h3 Bd7 13.c3 Rac8 14.c4 Bc6 15.b3 Ne8
16.f5 gxf5 17.Rxf5 Bd7 18.Rf2 f5 19.exf5 Rxf5 20.Bd5+ Kh8 21.Rxf5 Bxf5 22.
g4 Bd7 23.Ng3 Nf6 24.Bg2 Bc6 25.Qe2 Bxg2+ 26.Kxg2 Qc6+ 27.Kh2 e4 28.Nf5 e3
29.Ne7 Qc7 30.Nxc8 d5+ 31.Kg2 dxc4 32.bxc4 Qxc8 33.Ba3 Qc6+ 34.Qf3 Qa4 35.
Be7 Qc2+ 36.Kh1 Ng8 37.Qe4 Qf2 38.Rg1 Nxe7 39.Qxe7 Qf3+ 40.Rg2 Qxh3+ 41.
Kg1 Qf3 42.Qe8+ Qf8 43.Qe4 Qb8 44.g5 b6 45.Kh1 Qf8 46.Kg1 Qd8 47.Rg4 Qf8 
48.Rf4 Qb8 49.Kh1 Qc8 50.Rh4 Qg8 51.g6 h6 52.Qe7 a6 53.a4 b5 54.axb5 axb5 
55.cxb5 e2 56.Qxe2 Qd5+ 57.Qe4 1-0

[Event "zonal 1.2a (w)"]
[Site "Ptuj SLO"]
[Date "1995.04.08"]
[Round "4"]
[White "Koglin, Anke"]
[Black "Grosar, Kiti"]
[Result "1-0"]
[WhiteElo "2225"]
[BlackElo "2215"]
[EventDate "1995.04.05"]
[PlyCount "57"]

1.e4 c5 2.Nf3 d6 3.d4 cxd4 4.Nxd4 Nf6 5.Nc3 Nc6 6.Bg5 Bd7 7.Be2 Qa5 8.Bxf6
gxf6 9.O-O Rg8 10.Nd5 Nxd4 11.Qxd4 Rc8 12.b4 Qa3 13.c3 Bc6 14.Bc4 Bg7 15.
Qd3 e6 16.Rfe1 Bxd5 17.exd5 e5 18.Bb3 Ke7 19.Qxh7 Qb2 20.c4 Rh8 21.Qf5 Qc3
22.c5 Qxb4 23.cxd6+ Kxd6 24.g3 Qd2 25.Re3 a6 26.Rd1 Qb4 27.Re4 Rh5 28.Qxc8
Qxe4 29.Rc1 1-0

[Event "zonal 1.2a (w)"]
[Site "Ptuj SLO"]
[Date "1995.04.08"]
[Round "4"]
[White "Ramseier, Jana"]
[Black "Olbrich, Marina"]
[Result "1/2-1/2"]
[WhiteElo "2125"]
[BlackElo "2280"]
[EventDate "1995.04.05"]
[PlyCount "118"]

1.Nf3 Nf6 2.g3 d5 3.Bg2 c6 4.d3 Bg4 5.c4 e6 6.Nbd2 Nbd7 7.h3 Bh5 8.cxd5 
exd5 9.O-O Bd6 10.Re1 O-O 11.Nf1 Re8 12.Bg5 h6 13.Be3 Bg6 14.a3 a5 15.Qb3 
Qc7 16.Rac1 a4 17.Qd1 Qa5 18.Qd2 Bf8 19.Nh4 Bh7 20.g4 Nc5 21.Qxa5 Rxa5 22.
Nd2 Ne6 23.Nf5 Rb5 24.Rc2 Nd7 25.Nf3 c5 26.Bc1 Bxf5 27.gxf5 Nd8 28.e4 Nc6 
29.Bf1 Rb3 30.Nd2 Nd4 31.Rc3 Rb6 32.Re3 Ne5 33.exd5 Nxf5 34.Re4 Rg6+ 35.
Kh1 Nd6 36.Re3 Nb5 37.f4 Nxc3 38.bxc3 Nxd3 39.Rxe8 Nxc1 40.Ne4 f5 41.d6 
fxe4 42.d7 Rd6 43.Bc4+ Kh7 44.d8=Q Rxd8 45.Rxd8 Be7 46.Re8 Bf6 47.f5 h5 
48.Bg8+ Kh6 49.Rxe4 Bxc3 50.h4 b5 51.Re6+ Bf6 52.Rb6 b4 53.axb4 cxb4 54.
Rxb4 a3 55.Ra4 a2 56.Bxa2 Nxa2 57.Rxa2 Bxh4 58.Rg2 Bg5 59.Rf2 Bf6 1/2-1/2

[Event "zonal 1.2a (w)"]
[Site "Ptuj SLO"]
[Date "1995.04.08"]
[Round "4"]
[White "Trabert, Bettina"]
[Black "Kachiani-Gersinska, Ketino"]
[Result "1/2-1/2"]
[WhiteElo "2210"]
[BlackElo "2380"]
[EventDate "1995.04.05"]
[PlyCount "30"]

1.e4 e5 2.Nf3 Nf6 3.Nc3 Bb4 4.Nxe5 O-O 5.Be2 Re8 6.Nd3 Bxc3 7.dxc3 Nxe4 8.
O-O d5 9.Nf4 c6 10.Be3 Nd6 11.Bd4 Qg5 12.Nh5 Nf5 13.Ng3 Nxd4 14.cxd4 Nd7 
15.Qc1 Qxc1 1/2-1/2

[Event "zonal 1.2a (w)"]
[Site "Ptuj SLO"]
[Date "1995.04.10"]
[Round "5"]
[White "Borek, Jutta"]
[Black "Licina, Anita"]
[Result "1/2-1/2"]
[WhiteElo "2110"]
[BlackElo "2225"]
[EventDate "1995.04.05"]
[PlyCount "38"]

1.c4 Nf6 2.g3 d5 3.cxd5 Nxd5 4.Bg2 c5 5.Nc3 Nxc3 6.bxc3 g6 7.Nf3 Bg7 8.O-O
O-O 9.Rb1 Nd7 10.c4 Nb6 11.d3 Qc7 12.Bb2 f6 13.Nd2 Bd7 14.Ne4 Bc6 15.Nc3 
Bxg2 16.Kxg2 e6 17.f3 Rf7 18.Qb3 Nc8 19.Ne4 Nd6 1/2-1/2

[Event "zonal 1.2a (w)"]
[Site "Ptuj SLO"]
[Date "1995.04.10"]
[Round "5"]
[White "Goschl, Ortrun"]
[Black "Ramseier, Jana"]
[Result "1/2-1/2"]
[WhiteElo "2000"]
[BlackElo "2125"]
[EventDate "1995.04.05"]
[PlyCount "42"]

1.e4 c5 2.Nf3 e6 3.c3 d5 4.exd5 Qxd5 5.d4 Nf6 6.Bd3 cxd4 7.cxd4 Qd8 8.Nc3 
Nc6 9.O-O Be7 10.a3 O-O 11.Re1 h6 12.Be3 Nd5 13.Rc1 Nxe3 14.fxe3 f5 15.Bc4
Bf6 16.d5 exd5 17.Nxd5 Kh8 18.Nxf6 Qxf6 19.b4 Rd8 20.Qb3 Bd7 21.Qc3 Qxc3 
1/2-1/2

[Event "zonal 1.2a (w)"]
[Site "Ptuj SLO"]
[Date "1995.04.10"]
[Round "5"]
[White "Grosar, Kiti"]
[Black "Heinatz, Gundula"]
[Result "1-0"]
[WhiteElo "2215"]
[BlackElo "2220"]
[EventDate "1995.04.05"]
[PlyCount "80"]

1.e4 c5 2.Nf3 e6 3.c3 d5 4.e5 Nc6 5.d4 f6 6.Bd3 fxe5 7.Nxe5 Nxe5 8.dxe5 
Qc7 9.O-O Ne7 10.Re1 Bd7 11.Na3 a6 12.c4 d4 13.b4 b6 14.Bg5 O-O-O 15.bxc5 
bxc5 16.Rb1 h6 17.Bxe7 Bxe7 18.Be4 Bc6 19.Qg4 Qd7 20.Rb6 h5 21.Qf3 Ba4 22.
Bc6 Qa7 23.Rb7 Qa8 24.Reb1 Rd7 25.Rc7+ Rxc7 26.Bxa8 Rf8 27.Qe4 Kd7 28.Rb7 
Rc8 29.Rxc7+ Rxc7 30.Bb7 Bc6 31.Bxc6+ Rxc6 32.Qc2 g5 33.Nb1 Bd8 34.g3 Bc7 
35.f4 gxf4 36.gxf4 Rb6 37.Nd2 Rb4 38.a3 Rb8 39.Qa4+ Ke7 40.Qc6 Bb6 1-0

[Event "zonal 1.2a (w)"]
[Site "Ptuj SLO"]
[Date "1995.04.10"]
[Round "5"]
[White "Kachiani-Gersinska, Ketino"]
[Black "Lematschko, Tatjana"]
[Result "1-0"]
[WhiteElo "2380"]
[BlackElo "2315"]
[EventDate "1995.04.05"]
[PlyCount "119"]

1.d4 Nf6 2.c4 d6 3.Nc3 g6 4.e4 Bg7 5.Be2 O-O 6.Bg5 h6 7.Be3 e5 8.d5 Kh7 9.
g4 Qd7 10.f3 a5 11.Qd2 Na6 12.Bd1 Nc5 13.Nge2 h5 14.h3 Rh8 15.Bc2 Kg8 16.
g5 Ne8 17.h4 b6 18.b3 Ba6 19.Rb1 Qc8 20.Nc1 Bb7 21.a3 c6 22.b4 axb4 23.
axb4 Nd7 24.Ba4 b5 25.dxc6 bxa4 26.Nd5 Bf8 27.cxd7 Qxd7 28.Nb6 Qc7 29.Nxa8
Bxa8 30.Qd3 f5 31.gxf6 Nxf6 32.Ne2 Kh7 33.Nc3 a3 34.Ke2 Bc6 35.Ra1 Bg7 36.
Rxa3 Rc8 37.Ra7 Qb8 38.b5 Bb7 39.Rha1 Qc7 40.b6 Qf7 41.Nd5 Rb8 42.Nxf6+ 
Qxf6 43.Bf2 Kh8 44.R1a3 Bf8 45.Rxb7 Rxb7 46.Qd5 Rb8 47.b7 Qg7 48.Ra8 Rxb7 
49.Rxf8+ Kh7 50.Ra8 Rd7 51.Be3 g5 52.Qe6 Qf7 53.Qxf7+ Rxf7 54.Bxg5 Rc7 55.
Ra6 Rxc4 56.Rxd6 Rc2+ 57.Ke3 Rc3+ 58.Kf2 Rc8 59.Rd5 Re8 60.Bf6 1-0

[Event "zonal 1.2a (w)"]
[Site "Ptuj SLO"]
[Date "1995.04.10"]
[Round "5"]
[White "Krmelj, Natasa"]
[Black "Trabert, Bettina"]
[Result "1/2-1/2"]
[WhiteElo "2045"]
[BlackElo "2210"]
[EventDate "1995.04.05"]
[PlyCount "45"]

1.d4 d5 2.c4 e6 3.Nc3 c6 4.cxd5 exd5 5.Qc2 g6 6.Bf4 Bf5 7.Qb3 Qb6 8.e3 Nd7
9.Nf3 Ngf6 10.Nd2 Nh5 11.Bg3 Nxg3 12.hxg3 Bd6 13.Be2 Nf6 14.Rc1 Ke7 15.a3 
h5 16.Qa2 Ne4 17.Ndxe4 Bxe4 18.Nxe4 dxe4 19.Bc4 Raf8 20.Ke2 f5 21.Qb3 Qxb3
22.Bxb3 Kf6 23.Ba2 1/2-1/2